| 000 | 01578nam a2200229Ii 4500 | ||
|---|---|---|---|
| 008 | 221202s xx 000 0 und d | ||
| 245 | 0 | _aDisabled People, Work and Welfare | |
| 246 | _aIs Employment Really the Answer? | ||
| 264 | 1 |
_a[Place of publication not identified] : _b[Publisher not identified], _c2015 |
|
| 300 | _a1 online resource | ||
| 336 |
_atext _btxt _2rdacontent |
||
| 337 |
_acomputer _bc _2rdamedia |
||
| 338 |
_aonline resource _bcr _2rdacarrier |
||
| 520 | _aThis is the first book to challenge the concept of paid work for disabled people as a means to ‘independence’ and ‘self determination’. Recent attempts in many countries to increase the employment rates of disabled people have actually led to an erosion of financial support for many workless disabled people and their increasing stigmatisation as ‘scroungers’. Led by the disability movement’s concern with the employment choices faced by disabled people, this controversial book uses sociological and philosophical approaches, as well as international examples, to critically engage with possible alternatives to paid work. Essential reading for students, practitioners, activists and anyone interested in relationships between work, welfare and disability. | ||
| 653 | _aPolitical Science | ||
| 653 | _aPublic Policy | ||
| 653 | _aSocial Services & Welfare | ||
| 700 | 1 | _aGrover, Chris | |
| 700 | 1 | _aPiggott, Linda | |
| 856 | _uhttps://library.oapen.org/bitstream/20.500.12657/53449/1/external_content.pdfhttps://library.oapen.org/handle/20.500.12657/53449 | ||
| 942 | _cE-BOOK | ||
| 999 |
_c61910 _d61910 |
||